Instagram Follower: EFL Championship - Statistics

General Stats
  • This quiz has been taken 11 times
  • The average score is 5 of 24
Answer Stats
Hint Answer % Correct
1.100.000 Watford FC
70%
465.000 Norwich City
50%
404.000 Sunderland AFC
50%
391.000 Swansea City
50%
24.100 Rotherham United
40%
398.000 Stoke City
40%
184.000 Cardiff City
30%
60.400 Coventry City
30%
554.000 Sheffield United
30%
408.000 West Bromwich Albion
30%
181.000 Birmingham City
20%
266.000 Huddersfield Town
20%
607.000 Hull City
20%
70.600 Luton Town
20%
66.500 Preston North End
20%
177.000 Wigan Athletic
20%
204.000 Blackburn Rovers
0%
77.400 Blackpool FC
0%
130.000 Bristol City
0%
487.000 Burnley FC
0%
115.000 Middlesbrough FC
0%
88.900 Millwall FC
0%
174.000 Queens Park Rangers
0%
96.100 Reading FC
0%
No matching quizzes found
Score Distribution
Percent of People with Each Score
Percentile by Number Answered
Your Score History
You have not taken this quiz